Statistiques concernant Chansons québécoises marquantes- Titres/interprètes

Cliquez ici pour prendre le quiz!

Statistiques générales

  • Ce quiz a été pris 50 fois
  • Le résultat moyen est 16 sur 30

Statistiques - réponses

HintRéponse% Correct
Pour que tu m'aimes encoreCéline Dion
73%
La rue principaleLes colocs
73%
Sèche tes pleursDaniel Bélanger
62%
DégénérationMes Aïeux
62%
Bye bye mon cowboyMitsou
62%
HélèneRoch Voisine
62%
Le temps des cathédralesBruno Pelletier
59%
En berneLes cowboys fringants
59%
J'en ai plein mon cassÉmile Bilodeau
57%
Toujours vivantGerry Boulet
57%
1990Jean Leloup
57%
On va s'aimer encoreVincent Vallières
57%
La complainte du phoque en AlaskaBeau dommage
54%
Parce qu'on vient de loinCorneille
51%
Libérez-nous des libérauxLoco Locass
51%
J'entends frapperMichel Pagliaro
51%
Si j'étais un hommeDiane Tell
49%
C'est zéroJulie Masse
49%
SeigneurKevin Parent
49%
Le feu sauvage de l'amourRock et belles oreilles
49%
La cuisinièreLa bottine souriante
46%
La désiseDaniel Boucher
43%
Un peu plus haut, un peu plus loinGinette Reno
43%
Entre l'ombre et la lumièreMarie Carmen
43%
Poussière d'angeAriane Moffat
41%
Le tour de l'ileFélix Leclerc
41%
Heureux printempsPaul Piché
41%
VivanteFrance d'Amour
38%
Mes blues passent plus dans porteOffenbach
38%
MeaninglessCharlotte Cardin
35%

Distribution des résultats

Percentile par nombre de réponses

% des personnes avec chaque résultat

Votre développement - résultats

Vous n’avez pas pris ce quiz